000 01396nam0a22002891 4500
001 rc\3802619
005 20260407192342.0
021 _aRU
_b77-ОЭ-15/14,29
021 _aRU
_bРг3472-77
035 _a(NLR Aleph) 007248105
090 _a5175807
_c5175807
100 _a20120311d1975 |||y0rusy50 ca
101 0 _arus
102 _aRU
105 _aa z |||||
200 1 _aИспользование межпредметных связей и элементов программированного обучения на уроках математики
_e(Метод. рекомендации)
_fГос. ком. Совета Министров УССР по проф.-техн. образованию. Респ. учеб.-метод. кабинет
210 _aКиев
_cБ. и.
_d1975
215 _a16 с.
_cил.
_d18
300 _aНа обороте тит. л. сост.: Бочарова М.П., Макаренкова А.Н.
702 1 _aБочаров
_bМ.П.
_4220
702 1 _aМакаренкова
_bА.Н.
_4220
712 0 2 _aУкраинский республиканский учебно-методический кабинет профессионально-технического образования
_cКиев
_3RU\NLR\AUTH\8810125749
_9748902
801 0 _aRU
_bNLR
_gpsbo
801 1 _aRU
_bELAR
_2rusmarc
852 _aNLR
_j77-4/4845
942 _cBOOK
980 _aNB